| 000 | 00523nam a2200181Ia 4500 | ||
|---|---|---|---|
| 008 | 240925s9999 xx 000 0 und d | ||
| 020 | _a9788172249055 | ||
| 082 | _a658.00952 SAI | ||
| 100 | _aSai, Yasutaka. | ||
| 245 | 4 | _aThe 8 Core Values of Japanese Businessman: toward on understanding of japanese management. | |
| 250 | _aNA | ||
| 260 |
_aMumbai: _bJAICO Publishing House _c,2001. |
||
| 300 |
_a211p. _bN.A _fOriginal |
||
| 500 | _aIncludes Index | ||
| 600 | _aManagement | ||
| 650 | _aManagement | ||
| 942 | _cBK | ||
| 999 |
_c17693 _d17693 |
||